Подробности
| 000 -МАРКЕР |
| контрольное поле |
02495nam2a2200301 4500 |
| 001 - ИДЕНТИФИКАТОР ЗАПИСИ |
| контрольное поле |
RU\NLR\BIBL_A\010968796 |
| 005 - ИДЕНТИФИКАТОР ВЕРСИИ |
| контрольное поле |
20250624204229.0 |
| 010 ## - МЕЖДУНАРОДНЫЙ СТАНДАРТНЫЙ НОМЕР КНИГИ (ISBN) |
| Номер (ISBN) |
978-5-8323-1044-2 |
| Тираж |
500 |
| 021 ## - НОМЕР ГОСУДАРСТВЕННОЙ РЕГИСТРАЦИИ |
| Код страны |
Российская Федерация |
| Номер |
2016-1079 |
| Номер Листа государственной регистраци |
66 |
| 035 ## - ДРУГИЕ СИСТЕМНЫЕ НОМЕРА |
| Идентификатор записи |
(NLR Aleph) 010968796 |
| 100 ## - ДАННЫЕ ОБЩЕЙ ОБРАБОТКИ |
| Данные общей обработки |
20160203d2015 |||y0rusy50 ca |
| 101 0# - ЯЗЫК РЕСУРСА |
| Язык текста, звукозаписи и т.д. |
русский |
| 102 ## - СТРАНА ПУБЛИКАЦИИ ИЛИ ПРОИЗВОДСТВА |
| Страна публикации |
Российская Федерация |
| 105 ## - ПОЛЕ КОДИРОВАННЫХ ДАННЫХ: ТЕКСТОВЫЕ МАТЕРИАЛЫ, МОНОГРАФИЧЕСКИЕ |
| Кодированные данные о монографическом текстовом документе |
a|||z|||100yy |
| 200 1# - ЗАГЛАВИЕ И СВЕДЕНИЯ ОБ ОТВЕТСТВЕННОСТИ |
| Основное заглавие |
Проблемы дидиактики электронного обучения с применением дистанционных образовательных технологий |
| -- |
Подготовка ИТ-специалиста |
| Сведения, относящиеся к заглавию |
[сборник материалов семинаров 2015 года |
| 210 ## - ПУБЛИКАЦИЯ, РАСПРОСТРАНЕНИЕ И ДР. |
| Дата издания, распространения и т.д. |
2015 |
| Место издания, распространения и т.д. |
Б. м. |
| 215 ## - ФИЗИЧЕСКАЯ ХАРАКТЕРИСТИКА |
| Специфическое обозначение материала и объем |
124 с. |
| Другие сведения о физической характеристике |
ил. |
| 320 ## - ПРИМЕЧАНИЯ О НАЛИЧИИ В ДОКУМЕНТЕ БИБЛИОГРАФИИ / УКАЗАТЕЛЯ |
| Текст примечания |
Библиогр. в конце ст. |
| 461 #0 - УРОВЕНЬ НАБОРА |
| Встроенное поле |
001RU\NLR\BIBL_A\011090219 |
| -- |
2001#$aАктуальные проблемы реализации электронного обучения и дистанционных образовательных технологий$e[сборник материалов семинаров, проходивших в рамках чтений$fНаучные чтения$gредкол.: Карпенко М.П., д.т.н., проф. и др.]$vКн. 1 |
| Системный номер (АБИС) связанной записи |
11362904 |
| Место публикации |
Москва |
| Дата публикации |
2015 |
| Первые сведения об ответственности |
Научные чтения |
| Имя издателя, распространителя и т.д. |
Изд-во Современного государственного университета |
| Сведения, относящиеся к заглавию |
[сборник материалов семинаров, проходивших в рамках чтений |
| Заглавие |
Актуальные проблемы реализации электронного обучения и дистанционных образовательных технологий |
| Номер тома |
Кн. 1 |
| 606 1# - НАИМЕНОВАНИЕ ТЕМЫ КАК ПРЕДМЕТ |
| Наименование темы |
Информационные технологии |
| Тематический подзаголовок |
Кадры |
| -- |
Подготовка |
| Системный номер авторитетной/нормативной записи |
2111901 |
| Идентификатор авторитетной/нормативной записи |
RU\NLR\AUTH\661276270 |
| 686 1# - ИНДЕКСЫ ДРУГИХ КЛАССИФИКАЦИЙ |
| Индекс |
Ч488.752 |
| 711 12 - НАИМЕНОВАНИЕ ОРГАНИЗАЦИИ - АЛЬТЕРНАТИВНАЯ ОТВЕТСТВЕННОСТЬ |
| Начальный элемент ввода |
"Проблемы дидиактики электронного обучения с применением дистанционных образовательных технологий", семинар |
| Место проведения временной организации |
Москва |
| Дата проведения временной организации |
2015 |
| Системный номер авторитетной/нормативной записи |
504869 |
| Идентификатор авторитетной/нормативной записи |
RU\NLR\AUTH\880419943 |
| 711 12 - НАИМЕНОВАНИЕ ОРГАНИЗАЦИИ - АЛЬТЕРНАТИВНАЯ ОТВЕТСТВЕННОСТЬ |
| Начальный элемент ввода |
"Подготовка ИТ-специалиста", семинар |
| Место проведения временной организации |
Москва |
| Дата проведения временной организации |
2015 |
| Системный номер авторитетной/нормативной записи |
504866 |
| Идентификатор авторитетной/нормативной записи |
RU\NLR\AUTH\880419942 |
| 942 ## - ДОПОЛНИТЕЛЬНЫЕ ЭЛЕМЕНТЫ ЗАПИСИ (АБИС) |
| Тип экземпляра АБИС |
Книга |
| 980 ## - КОЛЛЕКЦИЯ |
| Название коллекции |
Национальная библиография |